पर्यावरण की शिक्षाप्रद कहानियाँ / (Record no. 207571)
[ view plain ]
| 000 -LEADER | |
|---|---|
| fixed length control field | 00944nam a22001937a 4500 |
| 005 - DATE AND TIME OF LATEST TRANSACTION | |
| control field | 20241211123207.0 |
| 010 ## - LCCN (DPL NO) | |
| LC control number | B-761403 |
| 020 ## - INTERNATIONAL STANDARD BOOK NUMBER | |
| International Standard Book Number | 8188318574 |
| Terms of availability | 300.00 |
| 035 ## - SYSTEM CONTROL NUMBER | |
| System control number | B-761403 |
| 037 ## - SOURCE OF ACQUISITION | |
| Source of stock number/acquisition | उपहार |
| 082 ## - DEWEY DECIMAL CLASSIFICATION NUMBER | |
| Classification number | क |
| 100 ## - MAIN ENTRY--PERSONAL NAME | |
| Personal name | गुप्ता, प्रवीण कुमार |
| 245 ## - TITLE STATEMENT | |
| Title | पर्यावरण की शिक्षाप्रद कहानियाँ / |
| Statement of responsibility, etc | प्रवीण कुमार गुप्ता |
| 260 ## - PUBLICATION, DISTRIBUTION, ETC. (IMPRINT) | |
| Place of publication, distribution, etc | नई दिल्ली |
| Name of publisher, distributor, etc | सनशाइन बुक्स |
| Date of publication, distribution, etc | 2023 |
| 270 ## - ADDRESS | |
| Address | 4760-61,द्वितीय तल, 23 अंसारी रोड़, दरियागंज, |
| City | नई दिल्ली |
| Postal code | 110002 |
| 300 ## - PHYSICAL DESCRIPTION | |
| Extent | 64पृ. |
| Dimensions | 22सेमी.(सजिल्द) |
| Other physical details | सचित्र |
| 942 ## - ADDED ENTRY ELEMENTS (KOHA) | |
| Source of classification or shelving scheme | Dewey Decimal Classification |
| Item type | Children Books |
| Classification part | क |
| Call number suffix | गुप्ताप्र |
| Withdrawn status | Lost status | Not for loan | Collection code | Home library | Current library | Date acquired | Source of acquisition | Cost, normal purchase price | Full call number | Barcode | Copy number | Cost, replacement price | Koha item type | Public note |
|---|---|---|---|---|---|---|---|---|---|---|---|---|---|---|
| Fiction | Central Library | Central Library | 11/12/2024 | उपहार /06/12/2024 | 350.00 | क गुप्ताप्र | B-761403 | 1 | 350.00 | Children Books | उपहार |
